Score 0/20 Timer 02:00
2 Plays Today
Cult Film Missing Word % Correct
Night of the ___ DeadLiving
94.5%
Rocky ___ Picture ShowHorror
94%
The ___ LebowskiBig
92.4%
___ and ConfusedDazed
87.5%
Donnie ___Darko
81.7%
Pee Wee's Big ___Adventure
81.2%
This is ___ TapSpinal
79.8%
Repo ___Man
77.5%
___ FlamingosPink
77.5%
Mommie ___Dearest
70.5%
Cult Film Missing Word % Correct
Harold and ___Maude
55.4%
Attack of the Killer ___Tomatoes
52.3%
___ 9 from Outer SpacePlan
39.3%
___ of DarknessArmy
25.9%
___ MadnessReefer
24.3%
Toxic ___Avenger
23.1%
Faster, ___! Kill! Kill!Pussycat
20%
A Bucket of ___Blood
17.2%
Welcome to the ___Dollhouse
9.3%
___ - Queen of the GalaxyBarbarella
7.2%

Today's Daily Dose

You're not logged in!

Compare scores with friends on all Sporcle quizzes.
OR
Log In

Sporcle TV

Today on Sporcle TV


Watch our educational content, quiz creation guides, and fun videos on Sporcle TV.

Show Comments

Extras

Top Quizzes Today


Score Distribution

Your Account Isn't Verified!

In order to create a playlist on Sporcle, you need to verify the email address you used during registration. Go to your Sporcle Settings to finish the process.

Report this User

Report this user for behavior that violates our Community Guidelines.

Details: